000 01027cab a22001935a 4500
001 L138533
008 070619e20070601xxkeo 000 0 eng d
035 _a(Sirsi) u138533
041 0 _aeng
100 1 _aShepherd, Mark
245 0 0 _aRegional
_bStaffs and Shropshire
260 _c2007
490 _aProperty Week
_v72(22) 1 June 2007, 117-130(6)
520 _aReports that concerns about funding may mean that a £150m scheme to redevelop 500 000 sq ft in the university is scaled back. The search for a developer is ongoing. With time pressing and Staffordshire University still occupying some of the site a less ambitious project seems likely. Stoke's city centre has a conspicuous gap in need of development, and the plans for transformation are detailed here. Avon Plaza, a major leisure centre planned for Cannock Chase, is detailed together with planning and development issues.
590 _aKA
651 4 _aEngland
_y886-
690 _aPROPERTY-COMMERCIAL PROPERTY-COMMERCIAL PROPERTY DEVELOPMENT
942 _n0
999 _c78899
_d78899